|
|
|
|
| LEADER |
01155nam a2200289 a 4500 |
| 001 |
2386712 |
| 008 |
091102s1985 ii b b 000 0 eng d |
| 010 |
|
|
|a 85014421
|
| 020 |
|
|
|a 080399494X
|
| 020 |
|
|
|a 0803994958 (pbk.)
|
| 040 |
|
|
|a DLC
|c DLC
|d DLC
|
| 082 |
0 |
0 |
|a 338.95/009173/4
|2 19
|
| 100 |
1 |
|
|a Etienne, Gilbert.
|
| 240 |
1 |
0 |
|a Développement rural en Asie.
|l English
|
| 245 |
1 |
0 |
|a Rural development in Asia :
|b meetings with peasants /
|c Gilbert Etienne ; translated by Arati Sharma.
|
| 250 |
|
|
|a Rev. ed.
|
| 260 |
|
|
|a New Delhi ;
|a Beverly Hills, CA :
|b Sage Publications,
|c 1985.
|
| 300 |
|
|
|a 276 p. :
|b maps ;
|c 23 cm.
|
| 500 |
|
|
|a Translation of: Développement rural en Asie.
|
| 504 |
|
|
|a Includes Bibliography (p. [272]-276.)
|
| 541 |
1 |
|
|e 00004313
|
| 650 |
|
0 |
|a Rural development
|z Asia.
|
| 650 |
|
0 |
|a Agriculture
|z Asia.
|
| 651 |
|
0 |
|a Asia
|x Rural conditions.
|
| 852 |
4 |
|
|a Ayesha Abed Library
|j General Shelf
|
| 999 |
|
|
|c 5637
|d 5637
|
| 952 |
|
|
|0 0
|1 0
|2 ddc
|4 0
|6 338_950091734000000_ETI_1985
|7 0
|9 5539
|a BRACUL
|b BRACUL
|c GEN
|d 2009-11-19
|g 0.00
|l 0
|o 338.950091734 ETI
|p 3010004313
|r 2009-11-19
|t 1
|w 2009-11-19
|y BK
|x No price found in the accession register.
|